000 00520nam a2200205Ia 4500
005 20230216134608.0
008 131103s9999 xx 000 0 und d
040 _aLoreto College
041 _aEnglish
082 _a820.9
_bWIL
100 _aWilson, R. M.
245 _aEarly middle English literature
_cR. M. Wilson
260 _aLondon
_bMethuen
_c1989
300 _aix,309 p.
504 _aIncludes index
650 _aEnglish Literature
651 _aHistory and Criticism
850 _aLCLIB
942 _cBK
999 _c7785
_d58264